000 01283cam a2200229 4500
001 6008
010 _a9724132250
021 _b188974/02
090 _a6008
100 _a20211231d2003 me|y0pory5003 ba
200 1 _aArzach
_fMoebius
_gtrad. João Figueiredo Silva
210 9 _aPorto
_cAsa
_d2003
215 _a60 p.
_ctodo il.
330 _aJean Giraud surgiu, nos anos 70, como um verdadeiro inovador no campo da BD ao adoptar um pseudónimo e ao dedicar-se à exploração do vasto universo da investigação gráfica e narrativa. Investigação essa que culminou com a realização deste álbum. Nesta BD muda, com cores jamais vistas (em BD), Moebius passa de um traço preciso (característico de obras como as de Manara) a uma quase total ausência de linhas, o que se verifica nos seus trabalhos mais recentes. Combinando técnicas, sintetiza gravura e BD, projectando, sem restrições, as suas visões no papel. Passadas 3 décadas, permanecem a narrativa e as suas ilustrações com um cunho artístico magistral.
606 _91862
_aBanda Desenhada
675 _a741
_vBN
_zpor
675 _a821.133.1-9"19/20"
_vBN
_zpor
700 _aMoebius
_95193
702 _aSilva
_bJoão Miguel Figueiredo
_94051
801 _aPT
_bBMVN
_gRPC
830 _cInês Silva
_d31/12/2021
990 _cLIVROS